000
00313 a2200145 4500
001
161522
020
_a
040
_c
Magnum
100
_a
Franco, Afonso Arinos de Melo
240
1
0
_a
Historia do brasil
_l
por
245
1
0
_a
Historia do brasil
362
0
_a
1899
697
_a
HISTORIA DO BRASIL
942
_c
BK
999
_c
161522
_d
161522